Name that President - Statistics

General Stats
  • This quiz has been taken 18 times
  • The average score is 18 of 20
Answer Stats
Hint President % Correct
1) Born in a log cabin in rural Kentuckyin 1809 Abraham Lincoln
94%
17) Had an infamous scandal with Monica Lewinsky Bill Clinton
94%
14) 5 star general in WW2, Supreme Allied Commanderin Europe Dwight D Eisenhower
94%
12) Only president to have served 4 terms Franklin Roosevelt
94%
16) First president and commander of the Americanforces during the Revolutionary War George Washington
94%
20) He was president for the end of WW2 Harry Truman
94%
13) Only president to have lived to 100 Jimmy Carter
94%
11) Assassinated in a Dallas motorcade in Nov 1963 John F Kennedy
94%
8) The only president to resign from office Richard Nixon
94%
7) Was a former Hollywood actor before becomingpresident Ronald Reagan
94%
2) Was a rough rider, expanded the National Parks, and initiated the Panama Canal Theodore Roosevelt
94%
5) Author of the Declaration of Independence Thomas Jefferson
94%
9) Denali peak was formerly named for him William McKinley
94%
3) He died in office of pneumonia after only30 days William Henry Harrison
88%
6) Signed the Indian Removal Act of 1830,forcing natives to move west of the Mississippi Andrew Jackson
82%
15) Shortest president in height at 5'4 James Madison
82%
18) Only president to have received a Phd Woodrow Wilson
82%
19) Died in office after serving a short 16 months Zachary Taylor
82%
10) Only person to have held both Chief Justice andPresidential offices William Howard Taft
76%
4) West Point grad, Civil War general, and laterpresident Ulysses S Grant
47%
No matching quizzes found
Score Distribution
Percent of People with Each Score
Percentile by Number Answered
Your Score History
You have not taken this quiz